Cross roads safely

Bibliographic Details
Main Author: Michealson, Ally
Format: Book
Published: Malaysia : Penerbit Citrawarna Sdn Bhd , 2007
Series:Be street smart series
Subjects:

MARC

LEADER 00000cam a2200000 7i4500
001 0000108572
005 20070328.0
020 |a 9833367240 
090 0 0 |a JF   |b MIC 
100 1 |a Michealson, Ally 
245 1 0 |a Cross roads safely   |c Ally Michealson 
260 |a Malaysia :   |b Penerbit Citrawarna Sdn Bhd ,   |c 2007 
300 |a 44p. :   |b ill. ;   |c 21cm. 
490 0 |a Be street smart series 
650 0 0 |a Children's stories 
999 |a 00199300   |b BUKU   |c PINJAMAN   |e PERPUSTAKAAN KOMUNITI PETALING JAYA